Biblioteca

Literary criticism of the New Testament (Registro nro. 47045)

Detalles MARC
000 -LÍDER
Campo fijo de descripción fija 01177cam a2200313 i 4500
001 - NÚMERO DE CONTROL
Campo de control 20694
003 - IDENTIFICADOR DEL NÚMERO DE CONTROL
Campo de control CO-MdFUSB
005 - FECHA Y HORA DE LA ULTIMA TRANSACCIÓN
control field 20161111074117.0
008 - ELEMENTOS DE LONGITUD FIJA -- INFORMACIÓN GENERAL
Campo fijo de descripción fija -- Información general 161101t1977 xxu||||f |||| 00| 0 eng d
020 ## - NÚMERO INTERNACIONAL NORMALIZADO PARA LIBROS
Número Internacional Normalizado del libro 0-8006-0185-8
040 ## - FUENTE DE CATALOGACIÓN
Agencia de catalogación original CO-MdFUSB
Idioma de catalogación Español
Agencia que realiza la transcripción CO-MdFUSB
Agencia que realiza la modificación CO-MdFUSB
Convenciones de la descripción rda
041 ## - CÓDIGO DE IDIOMA
Código de idioma para texto/pista de sonido o título separado eng
082 ## - NÚMERO DE CLASIFICACIÓN DECIMAL DEWEY
Número de la edición del Dewey 24
Número de clasificación 220.66
Clave de autor-Numero de item N532l
100 1# - ASIENTO PRINCIPAL--NOMBRE PERSONAL
Nombre personal Beardslee, William A.
Término relacionador autor
245 00 - TÍTULO
Título del Material Literary criticism of the New Testament
Mención de responsabilidad, etc. / William A. Beardslee
264 #1 - PRODUCCIÓN, PUBLICACIÓN, DISTRIBUCIÓN, MANUFACTURA, Y COPYRIGHT
Lugar de producción, publicación, distribución, manufactura Philadelphia, Pennsylvania :
Nombre del productor, publicador, distribuidor Fortress Press,
Fecha de producción, publicación, distribución, manufactura, o copyright ℗1977
264 #4 - PRODUCCIÓN, PUBLICACIÓN, DISTRIBUCIÓN, MANUFACTURA, Y COPYRIGHT
Fecha de producción, publicación, distribución, manufactura, o copyright ©1970
300 ## - DESCRIPCIÓN FÍSICA
Extensión 86 páginas
336 ## - TIPO DE CONTENIDO
Fuente rdacontent
Término de tipo de contenido
Código de tipo de contenido
337 ## - TIPO DE MEDIO
Fuente rdamedia
Nombre del tipo de medio
Código del tipo de medio
338 ## - TIPO DE SOPORTE
Fuente rdacarrier
Nombre del tipo de soporte
Código Tipo de soporte
490 ## - MENCIÓN DE SERIE
Mención de serie Guides to Biblical Scholarship
501 ## - NOTA DE “CON”
Nota de Contenido Rústico
505 00 - NOTA DE CONTENIDO
Nota de contenido con formato preestablecido ¿Qué es la crítica literaria? - La forma del evangelio - El proverbio - Historia como una forma - El apocalipsis - La historia literaria de los evangelios sinópticos - La crítica literaria y la comprensión teológica
653 ## - TÉRMINO DE INDIZACIÓN - NO CONTROLADO
Término no controlado Literary criticism--sacred books--Bible. N.T.
653 ## - TÉRMINO DE INDIZACIÓN - NO CONTROLADO
Término no controlado Crítica literaria - libros sagrados - Biblia. Nuevo Testamento
942 ## - TIPO DE MATERIAL (KOHA)
Tipo de Item KOHA Libros de Referencia
Existencias
Estado de Material Estado de Perdido Forma de Clasificación Estado de Dañado No para Préstamo Colección Tomo Biblioteca de Origen Biblioteca Permanente Fecha de Adquisición Total de Préstamos Signatura Topográfica Código de Barras Última vez visto Ejemplar/Existencia Fecha de Remplazo Tipo de Material
    Dewey Decimal Classification     Colección de Referencia   Biblioteca FUSBC Biblioteca FUSBC 18/08/2015   R 220.66 N532l 20175 12/12/2019 Ej. 1 26/01/2016 Libros de Referencia

Biblioteca FUSBC | Teléfono: (57+4) 349 88 10 Ext. 141| WhatsApp (+57) 3005338115 
E-mail: biblioteca@unisbc.edu.co | Calle 76 87-14 Robledo Palenque, Medellín, Colombia

Con tecnología Koha